Vplyv medzinárodnej migrácie pracovných síl na formovanie znalostnej ekonomiky

Príčiny rastúceho úniku mozgov v podmienkach znalostnej ekonomiky. Ekonomické dôsledky migrácie vysokokvalifikovaných pracovných síl. Zmeny v migračnej politike ekonomicky vyspelých krajín.

Gespeichert in:
Bibliographische Detailangaben
1. Verfasser: Přívara, Andrej, 1983-
Format: Buchkapitel
Sprache:Slowakisch
Schlagworte:
Tags: Tag hinzufügen
Keine Tags, Fügen Sie das erste Tag hinzu!

MARC

LEADER 00000nla a2200000 4500
001 0208333
005 20240502073450.0
041 0 |a slo 
044 |a SK 
245 1 0 |a Vplyv medzinárodnej migrácie pracovných síl na formovanie znalostnej ekonomiky  |c Andrej Přívara 
520 |a Príčiny rastúceho úniku mozgov v podmienkach znalostnej ekonomiky. Ekonomické dôsledky migrácie vysokokvalifikovaných pracovných síl. Zmeny v migračnej politike ekonomicky vyspelých krajín. 
610 2 0 |a pohyb síl pracovných medzinárodný 
610 2 0 |a únik mozgov 
610 2 0 |a migrácia 
610 2 0 |a politika migračná 
610 2 0 |a trh práce 
610 2 0 |a pracovníci kvalifikovaní 
100 1 |a Přívara, Andrej, 1983-